Effectif Italie Euro 2024 - Statistiques

Statistiques générales
  • Ce quiz a été pris 133 fois
  • Le résultat moyen est 16 sur 27
Statistiques - réponses
POSTE CLUB NUMER JOUEUR % Correct
G PSG 1 Gianluigi Donnarumma
100%
MIL Inter Milan 18 Nicolò Barella
88%
DEF Inter Milan 23 Alessandro Bastoni
87%
G SSC Napoli 26 Alex Meret
85%
MIL Arsenal 8 Jorginho
82%
DEF Inter Milan 3 Frederico Dimarco
80%
DEF SSC Napoli 2 Giovanni Di Lorenzo
80%
G Tottenham 12 Guglielmo Vicario
79%
ATT Juventus 14 Frederico Chiesa
76%
ATT Atalanta Bergame 9 Gianluca Scamacca
67%
MIL AS Roma 10 Lorenzo Pellegrini
66%
DEF AS Roma 17 Gianluca Mancini
63%
MIL Inter Milan 7 Davide Frattesi
62%
DEF FC Bologne 5 Riccardo Calafiori
60%
COACH - - Luciano Spalletti
55%
ATT SSC Napoli 11 Giacomo Raspadori
54%
DEF Inter Milan 13 Matteo Darmian
54%
MIL AS Roma 16 Bryan Cristante
51%
ATT Genoa 19 Mateo Retegui
51%
DEF Torino FC 4 Alessandro Buongiorno
47%
ATT Lazio Rome 20 Mattia Zaccagni
46%
ATT AS Roma 22 Stephan El Shaarawy
42%
DEF Juventus 24 Andrea Cambiaso
40%
MIL Juventus 21 Nicolò Fagioli
40%
DEF Juventus 6 Federico Gatti
33%
MIL Hellas Vérone 25 Michael Folorunsho
20%
DEF Torino FC 15 Raoul Bellanova
19%
Aucun quiz correspondant
Distribution des résultats
% des personnes avec chaque résultat
Percentile par nombre de réponses
Votre historique - résultats
Vous n’avez pas pris ce quiz